Cómo se mantiene erguido el hombre.
Importancia de la posición del cuerpo en el esfuerzo físico. La espina dorsal. Etapa fetal: el neuroeje. Importancia de la pelvis. Curvatura de la columna en la posición erguida. Dolores de espalda: causas.
Guardado en:
| Formato: | |
|---|---|
| Materias: | |
| Etiquetas: |
Agregar Etiqueta
Sin Etiquetas, Sea el primero en etiquetar este registro!
|
| LEADER | 01003ngm a22002655g 4500 | ||
|---|---|---|---|
| 001 | CEM.cems022068 | ||
| 008 | 130507b1994##################0###0#####d | ||
| 005 | 20241003145956.0 | ||
| 245 | 0 | 0 | |a Cómo se mantiene erguido el hombre. |
| 300 | |a 25'. | ||
| 500 | |a En soporte VHS, consultar en ventanilla. | ||
| 520 | |a Importancia de la posición del cuerpo en el esfuerzo físico. La espina dorsal. Etapa fetal: el neuroeje. Importancia de la pelvis. Curvatura de la columna en la posición erguida. Dolores de espalda: causas. | ||
| 538 | |a Soporte: VHS - Norma: Pal N - Color - Grabación DRD 1994 - Hitachi=4215 | ||
| 082 | 6 | 1 | |. 81/TRA |
| 653 | |a ANATOMIA | ||
| 653 | |a FISIOLOGIA | ||
| 653 | |a CUERPO HUMANO | ||
| 653 | |a ESPINA DORSAL | ||
| 653 | |a ETAPA FETAL: NEUROEJE | ||
| 653 | |a COLUMNA VERTEBRAL | ||
| 653 | |a PELVIS | ||
| 653 | |a POSICION ERGUIDA | ||
| 653 | |a DOLOR DE ESPALDA | ||
| 653 | |a NIVEL SECUNDARIO | ||
| 859 | |a CEMS |b BIB. CEMS - Depto. Recursos Didacticos |h 611.81 |i TRA |k DRD |p 711.12 |t Ej.1 | ||
